000 00755nam a2200289 a 4500
001 39086
003 AR-BaAGN
005 20240604125044.0
007 ta
008 220625s2015 ag |||||r|||| ||||||spa d
020 _a9789877350388
040 _dAR-BaAGN
_aAR-BaAGN
_bspa
_eaacr
100 1 _aZuy, Alejandro
245 1 0 _aFermín Eguía
250 _a1ª ed.
260 _aBuenos Aires :
_bAguilar, Altea, Taurus, Alfaguara,
_c2015.
300 _a32 páginas :
_bilustraciones
336 _2rdacontent
_btxt
337 _2rdamedia
_bn
338 _2rdacarrier
_bnc
600 1 4 _aEguía, Fermín
650 4 _aARTE
_91471
700 1 _aFarina, Fernando
700 1 _aMalosetti Costa, Laura,
_d1956-
_98313
942 _cLIBRO
999 _c39086
_d39086